000 00661nam a2200277Ia 4500
005 20260324133824.0
008 008 260324s9999 xx 000 0 eng d
020 _a9781315029009
037 _aEBOOK
040 _aCRL
040 _beng
040 _cCRL
041 _2eng
041 _aeng
084 _qCRL
100 _aJens Brockmeier; David R. Olson; Min Wang
_91194528
245 0 _aLiteracy, Narrative and Culture
260 _bTaylor and Francis
260 _c2002
365 _a
365 _b230
856 _uhttp://www.taylorfrancis.com/books/9781315029009
942 _cEBOOK
999 _c1793963
_d1793963